| 000 | 00532nam a22001697a 4500 | ||
|---|---|---|---|
| 999 |
_c8994 _d8994 |
||
| 008 | 210309b ||||| |||| 00| 0 eng d | ||
| 040 | _aBMS College of Architecture | ||
| 100 | _aReddy, B Krupa | ||
| 245 | _aBeach Resort and spa Pondicherry | ||
| 300 | _a43p. | ||
| 500 | _a1BM09AT2021 | ||
| 502 |
_8B.Arch _NBMS College of Architecture, Visvesvaraya Technological University (VTU) _aproject report _d2014 |
||
| 650 | _aPondicherry | ||
| 700 |
_aBhaghyalaxmi M _eGuide |
||
| 700 |
_aDakshayini R, Patil _eGuide |
||
| 942 |
_2ddc _cTHE |
||